Microsoft windows small business server 2008: (Record no. 28370)

MARC details
000 -LEADER
fixed length control field 00947naa a2200241 4500
005 - DATE AND TIME OF LATEST TRANSACTION
control field 20090717134641.0
008 - FIXED-LENGTH DATA ELEMENTS--GENERAL INFORMATION
fixed length control field 090717t xxu||||| |||| 00| 0 eng d
010 ## - LCCN (DPL NO)
LC control number ENG-94448
020 ## - INTERNATIONAL STANDARD BOOK NUMBER
International Standard Book Number 9788120337619
Terms of availability 695.00
035 ## - SYSTEM CONTROL NUMBER
System control number EN-77981
037 ## - SOURCE OF ACQUISITION
Source of stock number/acquisition DBAD / PUB
040 ## - CATALOGING SOURCE
Original cataloging agency dpl
Language of cataloging English
082 ## - DEWEY DECIMAL CLASSIFICATION NUMBER
Classification number 005.71376
100 ## - MAIN ENTRY--PERSONAL NAME
Personal name Russel, Charlie
245 ## - TITLE STATEMENT
Title Microsoft windows small business server 2008:
Statement of responsibility, etc by Charlie Russel [and] Sharon Crawford
Remainder of title administrator companion /
260 ## - PUBLICATION, DISTRIBUTION, ETC. (IMPRINT)
Place of publication, distribution, etc New Delhi
Name of publisher, distributor, etc Prentice Hall of India
Date of publication, distribution, etc 2009
270 ## - ADDRESS
Address M-97, Cannaught Circus,
City New Delhi
Postal code 110 001
300 ## - PHYSICAL DESCRIPTION
Extent xxvi, 692 p.
Dimensions 24cm (Hb)
Other physical details CD-Rom
500 ## - GENERAL NOTE
General note Includes index
700 ## - ADDED ENTRY--PERSONAL NAME
Personal name Crawford, Sharon
942 ## - ADDED ENTRY ELEMENTS (KOHA)
Institution code [OBSOLETE] dpl
Item type English Books
Source of classification or shelving scheme Dewey Decimal Classification
Classification part 005.71376
Call number suffix RUS
Holdings
Withdrawn status Lost status Source of classification or shelving scheme Damaged status Not for loan Collection code Home library Current library Date acquired Source of acquisition Cost, normal purchase price Total Checkouts Full call number Barcode Date last seen Copy number Cost, replacement price Koha item type
    Dewey Decimal Classification   Not For Loan Non-fiction D.B.Act.Division D.B.Act.Division 17/07/2009 DBAD / PUB 695.00   005.71376 RUS EN-77981 17/07/2009 1 695.00 English Books

© Delhi Public Library
Hit Counter
free hit counter